| 000 | 00784nam a2200289#a 4500 | ||
|---|---|---|---|
| 001 | 00834 | ||
| 003 | HDC | ||
| 007 | ta | ||
| 008 | 230623s2006 xx 000 0 eng d | ||
| 020 | _a1405115815 (hbk.). | ||
| 040 | _aHDC | ||
| 050 |
_aTX 537 _b.S485 2006 |
||
| 100 | _aSheward, Erica. | ||
| 245 | 0 |
_aAviation food safety / _cErica Sheward. |
|
| 264 | _aAmes, Iowa : | ||
| 264 |
_aOxford : _bBlackwell Pub., _c2006 |
||
| 300 |
_axxvi,379p. : _b ill. ; _c 25cm. |
||
| 500 | _aIncludes bibliographical references (p. 371-376) and index. | ||
| 650 |
_aAirlines _xFood service. |
||
| 650 |
_aFood contamination _xPrevention. |
||
| 650 | _aFood handling. | ||
| 650 |
_aFood _xSafety measures. |
||
| 942 | _2lcc | ||
| 942 | _cBK | ||
| 942 | _kTX 537 | ||
| 942 | _m.S485 2006 | ||
| 999 |
_c24210 _d24210 |
||